Normal view MARC view
  • Bakhsh, Ilahi,

Entry Personal Name

Number of records used in: 2

001 - CONTROL NUMBER

  • control field: 4850

003 - CONTROL NUMBER IDENTIFIER

  • control field: NUST

005 - DATE AND TIME OF LATEST TRANSACTION

  • control field: 20170922123150.0

008 - FIXED-LENGTH DATA ELEMENTS

  • fixed length control field: 170922|| aca||aabn | a|a d

040 ## - CATALOGING SOURCE

  • Original cataloging agency: NUST
  • Transcribing agency: NUST

100 ## - HEADING--PERSONAL NAME

  • Personal name: Bakhsh, Ilahi,
  • Dates associated with a name: 1904-1960.

670 ## - SOURCE DATA FOUND

  • Source citation: Work cat.: (NUST)0: Bakhsh, Ilahi, 1904-1960., With the Quaid-i Azam during his last days /, 1978.
© 2023 Central Library, National University of Sciences and Technology. All Rights Reserved.